| 000 | 00453cam a2200193ua 4500 | ||
|---|---|---|---|
| 020 | _c7.50 | ||
| 041 |
_aeng _h |
||
| 082 |
_a530 _bARO/PR |
||
| 100 | _aArora, C L . | ||
| 245 |
_aPractical physics,vol-2,3 / _cC L Arora. _hTextual Documents |
||
| 250 |
_a10 / _b. |
||
| 260 |
_aNew Delhi : _bS.Chand and Co , _c1966. |
||
| 300 | _a364 ; . | ||
| 365 | _a7.50 | ||
| 504 | _a | ||
| 942 | _cBK | ||
| 999 |
_c10694 _d10694 |
||